|
|
|
|
| LEADER |
01388njm a2200421 a 4500 |
| 001 |
000267091 |
| 003 |
CZ BrMZK |
| 005 |
19950101143423.0 |
| 008 |
950101s1994 xr f cze d |
| 028 |
0 |
3 |
|a 660316-2331
|b Monitor
|
| 040 |
|
|
|a BOA001
|b cze
|
| 080 |
|
|
|a 784.4.03"199"(086.7)
|2 MRF
|
| 110 |
2 |
|
|a Kabát (hudební skupina)
|7 kn20010710227
|4 prf
|
| 245 |
1 |
0 |
|a Colorado
|h [zvukový záznam] /
|c Kabát.
|
| 246 |
3 |
3 |
|a Starej bar
|
| 246 |
3 |
3 |
|a Až pro mě přijdou
|
| 246 |
3 |
3 |
|a Centryfuga
|
| 246 |
3 |
3 |
|a Colorado
|
| 246 |
3 |
3 |
|a Jak ti šlapou kabáti
|
| 246 |
3 |
3 |
|a Kdyby ženský nebyly
|
| 246 |
3 |
3 |
|a Moje holka je batman
|
| 246 |
3 |
3 |
|a Nejsem z USA
|
| 246 |
3 |
3 |
|a Ou jipi jé
|
| 246 |
3 |
3 |
|a Rohypnol po tetě
|
| 246 |
3 |
3 |
|a S čerti nejsou žerty
|
| 246 |
3 |
3 |
|a Sem klidnej
|
| 260 |
|
|
|a Praha :
|b Monitor,
|c p1994
|
| 300 |
|
|
|a 1 CD ;
|c 12 cm +
|e 1 brožura [8 s.].
|
| 500 |
|
|
|a Durata neuv
|
| 500 |
|
|
|a Texty písní v brož.
|
| 500 |
|
|
|a Nahr. 1994
|
| 505 |
2 |
|
|a Až pro mě přijdou, Centryfuga, Colorado ... [et al.]
|
| 653 |
0 |
|
|a rocková hudba
|
| 910 |
|
|
|a BOA001
|b CD-0003.090
|
| 964 |
|
|
|a Hudba rocková
|z stol.20.,léta 90.
|x CD
|
| 990 |
|
|
|a AV
|
| 996 |
6 |
|
|b 261H003126
|c CD-0003.090
|l MZK
|r Sklad / do 24 hodin
|n 0
|w 000267091
|u 000010
|a 1
|e BOA001
|j MZK50
|s P
|
| 996 |
6 |
|
|b 261H007253
|c CD-0003.090
|l MZK
|r Sklad / do 24 hodin
|n 1
|p p.v.
|w 000267091
|u 000020
|a 1
|e BOA001
|j MZK50
|s P
|